[Event "Hamburg HSK Christmas op 1st"]
[Site "Hamburg"]
[Date "2015.12.29"]
[Round "7"]
[White "Beilfuss, Bjoern"]
[Black "Schipmann, Torsten"]
[Result "0-1"]
[WhiteElo "1604"]
[BlackElo "1822"]
[PlyCount "60"]
[EventDate "2015.12.27"]
[EventType "swiss"]
[EventRounds "7"]
[EventCountry "GER"]
[SourceTitle "EXT 2022"]
[Source "ChessBase"]
[SourceDate "2021.10.06"]
[SourceVersion "1"]
[SourceVersionDate "2021.10.06"]
[SourceQuality "1"]

1. Nf3 Nf6 2. d4 e6 3. g3 b6 4. Bg2 Bb7 5. 0-0 c5 6. Bg5 cxd4 7. Nxd4 Bxg2 8. Kxg2 Be7 9. Bxf6 Bxf6 10. c3 0-0 11. Qd3 Bxd4 12. cxd4 d5 13. Nc3 Nc6 14. a3 Rc8 15. Rac1 Qf6 16. e3 Rfd8 17. f4 g6 18. g4 h6 19. f5 gxf5 20. gxf5 e5 21. dxe5 Nxe5 22. Qd4 Rc4 23. Qd1 Rg4+ 24. Kh1 d4 25. exd4 Rdxd4 26. Nd5 Qd6 27. Rc8+ Kh7 28. Ne3 Rxd1 29. Rxd1 Qxd1+ 30. Nxd1 Nf3 0-1

[Event "Hamburg HSK Christmas op 1st"]
[Site "Hamburg"]
[Date "2015.12.28"]
[Round "4"]
[White "Schipmann, Torsten"]
[Black "Reiner, Oliver"]
[Result "1-0"]
[WhiteElo "1822"]
[BlackElo "1602"]
[PlyCount "77"]
[EventDate "2015.12.27"]
[EventType "swiss"]
[EventRounds "7"]
[EventCountry "GER"]
[SourceTitle "EXT 2022"]
[Source "ChessBase"]
[SourceDate "2021.10.06"]
[SourceVersion "1"]
[SourceVersionDate "2021.10.06"]
[SourceQuality "1"]

1. d4 d6 2. Nf3 Nf6 3. Nc3 Bf5 4. e3 h6 5. Bd3 Bxd3 6. Qxd3 c6 7. 0-0 Nbd7 8. b3 e5 9. Bb2 Be7 10. Rad1 Qc7 11. e4 0-0-0 12. a4 d5 13. exd5 exd4 14. Qxd4 c5 15. Qd2 Nb6 16. Nb5 Qb8 17. Be5 Rxd5 18. Bxb8 Rxd2 19. Rxd2 Kxb8 20. Re1 Nbd5 21. c4 Bd8 22. cxd5 Ba5 23. Red1 Ne4 24. Rd3 f6 25. d6 Rd8 26. Kf1 Bb4 27. d7 a6 28. Nd6 Nxd6 29. Rxd6 Kc7 30. R6d3 b6 31. Nh4 b5 32. axb5 axb5 33. Ng6 c4 34. bxc4 bxc4 35. Rd4 Bd6 36. Rxd6 c3 37. R6d3 c2 38. Rc3+ Kb6 39. Rxc2 1-0

[Event "Pinneberg-ch"]
[Site "Pinneberg"]
[Date "2005.08.11"]
[Round "1"]
[White "Schipmann, Torsten"]
[Black "Metzner, Arne"]
[Result "0-1"]
[WhiteElo "1867"]
[BlackElo "1576"]
[PlyCount "67"]
[EventDate "2005.08.11"]
[EventType "swiss"]
[EventRounds "7"]
[EventCountry "GER"]
[SourceTitle "EXT 2006"]
[Source "ChessBase"]
[SourceDate "2005.11.24"]
[SourceVersion "1"]
[SourceVersionDate "2005.11.24"]
[SourceQuality "1"]

1. e4 e5 2. Nf3 Nc6 3. Bb5 d6 4. 0-0 Nf6 5. Re1 Be7 6. c3 a6 7. Ba4 0-0 8. h3 Nd7 9. d4 exd4 10. cxd4 b5 11. Bb3 Nb6 12. Nc3 Na5 13. Bc2 c6 14. Qd3 g6 15. Nd1 Re8 16. Qc3 Nd7 17. Ne3 c5 18. dxc5 Bf6 19. Qd2 dxc5 20. Rb1 Nc6 21. Ng4 Nce5 22. Nxf6+ Qxf6 23. Nxe5 Rxe5 24. b3 Re6 25. Bb2 Qe7 26. Rbd1 Ra7 27. f4 Rc7 28. f5 Rec6 29. e5 c4 30. bxc4 Rxc4 31. Bb3 R4c6 32. e6 fxe6 33. Bxe6+ Kf8 34. Qh6+ 0-1

[Event "IECG WC.2008.S.00009"]
[Site "IECG email"]
[Date "2005.07.17"]
[Round "?"]
[White "Leisebein, Peter"]
[Black "Schipmann, Torsten"]
[Result "1-0"]
[WhiteElo "2236"]
[BlackElo "2206"]
[PlyCount "39"]
[EventDate "2005.07.17"]
[EventType "tourn (corr)"]
[EventRounds "6"]
[SourceTitle "Corr 2008"]
[Source "ChessBase"]
[SourceDate "2008.06.24"]
[SourceVersion "1"]
[SourceVersionDate "2008.06.24"]
[SourceQuality "1"]

1. d4 Nf6 2. f3 d5 3. e4 dxe4 4. Nc3 exf3 5. Nxf3 Bg4 6. h3 Bh5 7. g4 Bg6 8. Ne5 e6 9. Qf3 c6 10. g5 Nh5 11. Bd3 Qxd4 12. Nxg6 fxg6 13. Be3 Qh4+ 14. Kd2 Ng3 15. Rhg1 Bd6 16. Qg4 Qxg4 17. hxg4 0-0 18. Rg2 Nd7 19. Rag1 Rf3 20. Bf2 1-0

[Event "IECG WC.2008.S.00009"]
[Site "IECG email"]
[Date "2005.07.17"]
[Round "?"]
[White "Schipmann, Torsten"]
[Black "Santos, Paulo J"]
[Result "0-1"]
[WhiteElo "2206"]
[BlackElo "1916"]
[PlyCount "46"]
[EventDate "2005.07.17"]
[EventType "tourn (corr)"]
[EventRounds "6"]
[SourceTitle "Corr 2008"]
[Source "ChessBase"]
[SourceDate "2008.06.24"]
[SourceVersion "1"]
[SourceVersionDate "2008.06.24"]
[SourceQuality "1"]

1. e4 e5 2. Nf3 Nc6 3. Bb5 a6 4. Ba4 Nf6 5. 0-0 Be7 6. Re1 b5 7. Bb3 d6 8. c3 0-0 9. h3 Na5 10. Bc2 c5 11. d4 Qc7 12. Nbd2 cxd4 13. cxd4 Nc6 14. Nb3 a5 15. Be3 a4 16. Nbd2 Bd7 17. Rc1 Rfc8 18. Bd3 Qb7 19. Qe2 Rab8 20. b3 a3 21. Red1 Nb4 22. Bb1 Rxc1 23. Rxc1 Nc6 0-1

[Event "IECG CP.2004.P.00042 email"]
[Site "IECG email"]
[Date "2004.10.01"]
[Round "?"]
[White "Schipmann, Torsten"]
[Black "Nava Baro, Enrique"]
[Result "1/2-1/2"]
[WhiteElo "2222"]
[BlackElo "2111"]
[PlyCount "39"]
[EventDate "2004.10.01"]
[EventType "tourn (corr)"]
[EventRounds "6"]
[SourceTitle "Corr 2011"]
[Source "ChessBase"]
[SourceDate "2010.08.31"]
[SourceVersion "1"]
[SourceVersionDate "2010.08.31"]
[SourceQuality "1"]

1. e4 e6 2. d4 d5 3. Nd2 Nf6 4. e5 Nfd7 5. f4 c5 6. c3 Nc6 7. Ndf3 Qb6 8. g3 cxd4 9. cxd4 Bb4+ 10. Kf2 f6 11. Kg2 0-0 12. Bd3 Kh8 13. Ne2 fxe5 14. dxe5 Be7 15. h4 Nc5 16. Ng5 h6 17. Bb1 Bd7 18. Qc2 Rf5 19. Qd1 Rff8 20. Qc2 1/2-1/2

[Event "IECG CP.2004.P.00042 email"]
[Site "IECG email"]
[Date "2004.10.01"]
[Round "?"]
[White "Schipmann, Torsten"]
[Black "Santini, Alberto"]
[Result "1/2-1/2"]
[WhiteElo "2222"]
[BlackElo "1390"]
[PlyCount "69"]
[EventDate "2004.10.01"]
[EventType "tourn (corr)"]
[EventRounds "6"]
[SourceTitle "Corr 2011"]
[Source "ChessBase"]
[SourceDate "2010.08.31"]
[SourceVersion "1"]
[SourceVersionDate "2010.08.31"]
[SourceQuality "1"]

1. e4 c5 2. Nf3 d6 3. d4 cxd4 4. Nxd4 g6 5. Nc3 Bg7 6. Be3 Nf6 7. f3 Nc6 8. Qd2 0-0 9. 0-0-0 Bd7 10. g4 Rc8 11. h4 Ne5 12. h5 Qa5 13. Kb1 Rxc3 14. Qxc3 Qxc3 15. bxc3 Nxf3 16. Nxf3 Bxg4 17. Bg2 Nxe4 18. Rd3 Nxc3+ 19. Kb2 Nd1+ 20. Ka3 Nxe3 21. Rxe3 Rc8 22. hxg6 hxg6 23. Rh4 Be6 24. Bh3 Bxh3 25. Rxh3 e5 26. Kb3 f5 27. c4 e4 28. Ng5 Rc5 29. Nxe4 fxe4 30. Rxe4 Kf7 31. Rf3+ Rf5 32. Rxf5+ gxf5 33. Rh4 Kg6 34. Kc2 b6 35. Kd3 1/2-1/2

[Event "Pinneberg-ch"]
[Site "Pinneberg"]
[Date "2004.08.19"]
[Round "2"]
[White "Koester, Gerhard"]
[Black "Schipmann, Torsten"]
[Result "1/2-1/2"]
[WhiteElo "1963"]
[BlackElo "1802"]
[PlyCount "68"]
[EventDate "2004.08.12"]
[EventType "swiss"]
[EventRounds "7"]
[EventCountry "GER"]
[SourceTitle "EXT 2005"]
[Source "ChessBase"]
[SourceDate "2004.11.15"]
[SourceVersion "1"]
[SourceVersionDate "2004.11.15"]
[SourceQuality "1"]

1. e4 c5 2. Nc3 Nc6 3. g3 g6 4. Bg2 Bg7 5. d3 d6 6. f4 b6 7. e5 Bb7 8. exd6 exd6 9. Qe2+ Qe7 10. Nd5 Qxe2+ 11. Nxe2 0-0-0 12. 0-0 Re8 13. Nec3 Nd4 14. Ne3 Bxg2 15. Kxg2 Rxe3 16. Bxe3 Nxc2 17. Bd2 Nxa1 18. Rxa1 Kd7 19. Re1 Ne7 20. b3 Bxc3 21. Bxc3 Re8 22. Kf3 Nd5 23. Rxe8 Kxe8 24. Bd2 Nb4 25. Bxb4 cxb4 26. Ke4 Kd7 27. Kd5 b5 28. g4 h5 29. g5 h4 30. h3 a6 31. Ke4 Ke6 32. d4 d5+ 33. Ke3 Kf5 34. Kf3 a5 1/2-1/2

[Event "Pinneberg-ch"]
[Site "Pinneberg"]
[Date "2004.08.12"]
[Round "1"]
[White "Schipmann, Torsten"]
[Black "Kronhoff, Holger"]
[Result "1-0"]
[WhiteElo "1802"]
[BlackElo "1497"]
[PlyCount "91"]
[EventDate "2004.08.12"]
[EventType "swiss"]
[EventRounds "7"]
[EventCountry "GER"]
[SourceTitle "EXT 2005"]
[Source "ChessBase"]
[SourceDate "2004.11.15"]
[SourceVersion "1"]
[SourceVersionDate "2004.11.15"]
[SourceQuality "1"]

1. e4 e6 2. d4 d5 3. Nc3 Bb4 4. e5 c5 5. a3 Bxc3+ 6. bxc3 cxd4 7. cxd4 Nc6 8. Qg4 Nge7 9. Bd3 Ng6 10. Ne2 Qh4 11. Qxh4 Nxh4 12. 0-0 a6 13. a4 Nb4 14. Rd1 Nxd3 15. Rxd3 0-0 16. Ba3 Re8 17. Rb3 Bd7 18. a5 Bb5 19. Nc3 Bc6 20. Bc5 Ng6 21. Na4 Bb5 22. Nb6 Rab8 23. Bd6 Rbd8 24. g3 f6 25. f4 Kf7 26. Bc7 Ne7 27. Bxd8 Rxd8 28. Kf2 Nc6 29. Ke3 Ke7 30. Rba3 Nb4 31. Rc1 Nc6 32. g4 fxe5 33. fxe5 g5 34. c3 Kf7 35. Rc2 Ke7 36. Rf2 h5 37. gxh5 Rh8 38. Kf3 Rxh5 39. Kg4 Rh8 40. Kxg5 Rh3 41. Nc8+ Kd7 42. Nd6 Nxd4 43. Rf7+ Kc6 44. cxd4 Rxa3 45. Nxb7 Ra4 46. Nd8# 1-0

[Event "IECG CP.1998.F.00002"]
[Site "IECG email"]
[Date "2001.10.01"]
[Round "?"]
[White "Burkett, Max"]
[Black "Schipmann, Torsten"]
[Result "1-0"]
[WhiteElo "2168"]
[BlackElo "2158"]
[PlyCount "33"]
[EventDate "2001.10.01"]
[EventType "tourn (corr)"]
[EventRounds "6"]
[SourceTitle "Corr 2008"]
[Source "ChessBase"]
[SourceDate "2008.06.24"]
[SourceVersion "1"]
[SourceVersionDate "2008.06.24"]
[SourceQuality "1"]

1. e4 c5 2. Nf3 Nc6 3. d4 cxd4 4. Nxd4 e6 5. Nc3 Qc7 6. g3 a6 7. Bg2 Nf6 8. 0-0 Be7 9. Re1 0-0 10. Nxc6 dxc6 11. e5 Rd8 12. Qf3 Nd5 13. h4 a5 14. Bg5 b6 15. Ne4 Ba6 16. Nf6+ gxf6 17. exf6 1-0

[Event "IECG CP.1998.F.00002"]
[Site "IECG email"]
[Date "2001.10.01"]
[Round "?"]
[White "Schipmann, Torsten"]
[Black "Efendiyev, Enver Mikhailovich"]
[Result "0-1"]
[WhiteElo "2158"]
[BlackElo "2344"]
[PlyCount "42"]
[EventDate "2001.10.01"]
[EventType "tourn (corr)"]
[EventRounds "6"]
[SourceTitle "Corr 2008"]
[Source "ChessBase"]
[SourceDate "2008.06.24"]
[SourceVersion "1"]
[SourceVersionDate "2008.06.24"]
[SourceQuality "1"]

1. d4 Nf6 2. c4 g6 3. Nc3 Bg7 4. e4 d6 5. f3 0-0 6. Be3 e5 7. d5 Nh5 8. Qd2 f5 9. exf5 gxf5 10. 0-0-0 a5 11. Bg5 Qe8 12. Nh3 Na6 13. Be2 Nf6 14. Nf2 a4 15. g4 Nc5 16. gxf5 Bxf5 17. Rhg1 Bg6 18. Nb5 e4 19. Nxc7 Qe5 20. Bf4 Qf5 21. Rxg6 Qxg6 0-1

[Event "IECG CP.2001.P.00067"]
[Site "IECG email"]
[Date "2001.10.01"]
[Round "?"]
[White "Schipmann, Torsten"]
[Black "Fabri, Peter"]
[Result "1-0"]
[WhiteElo "2158"]
[BlackElo "2003"]
[PlyCount "113"]
[EventDate "2001.10.01"]
[EventType "tourn (corr)"]
[EventRounds "6"]
[SourceTitle "Corr 2008"]
[Source "ChessBase"]
[SourceDate "2008.06.24"]
[SourceVersion "1"]
[SourceVersionDate "2008.06.24"]
[SourceQuality "1"]

1. d4 Nf6 2. c4 e6 3. Nc3 Bb4 4. Qc2 c5 5. dxc5 0-0 6. a3 Bxc5 7. Nf3 Nc6 8. Bf4 Nh5 9. Bg3 f5 10. e3 b6 11. Bh4 Be7 12. Bxe7 Qxe7 13. Rd1 d6 14. Be2 Bb7 15. 0-0 Nf6 16. Rfe1 Rac8 17. b3 Ne5 18. Nxe5 dxe5 19. Qb2 Rfd8 20. b4 Kh8 21. Rxd8+ Rxd8 22. Qc2 Kg8 23. Rd1 Rxd1+ 24. Qxd1 a6 25. Qd3 Kf7 26. Qd1 Kg8 27. Na4 Nd7 28. Qb3 Qg5 29. Bf1 Qf6 30. c5 b5 31. Nc3 Nb8 32. a4 bxa4 33. Nxa4 Kf7 34. Nb6 Kg8 35. Bc4 Kf8 36. Bxe6 Bc6 37. Bc4 e4 38. Qd1 Bb5 39. Bxb5 axb5 40. g3 Qe5 41. Qd8+ Kf7 42. Nc8 Na6 43. Qd7+ Kf6 44. Qxb5 Nc7 45. Qc6+ Ne6 46. Nb6 Qa1+ 47. Kg2 Qd1 48. Nd5+ Kg5 49. Nc3 Qf3+ 50. Kg1 Kg4 51. Qxe6 Kh3 52. Kf1 Kxh2 53. Qd6 Qh1+ 54. Ke2 Qc1 55. g4+ Kg2 56. Qg3+ Kh1 57. f3 1-0

[Event "IECG CP.1999.S.00005"]
[Site "IECG email"]
[Date "2001.10.01"]
[Round "?"]
[White "Schipmann, Torsten"]
[Black "Schilly, Hans Joachim"]
[Result "0-1"]
[WhiteElo "2158"]
[BlackElo "1982"]
[PlyCount "62"]
[EventDate "2001.10.01"]
[EventType "tourn (corr)"]
[EventRounds "6"]
[SourceTitle "Corr 2008"]
[Source "ChessBase"]
[SourceDate "2008.06.24"]
[SourceVersion "1"]
[SourceVersionDate "2008.06.24"]
[SourceQuality "1"]

1. d4 d5 2. c4 e6 3. Nc3 c6 4. e3 Nf6 5. Nf3 Bd6 6. Bd3 Nbd7 7. 0-0 0-0 8. Qc2 dxc4 9. Bxc4 e5 10. h3 exd4 11. exd4 Nb6 12. Bb3 Nfd5 13. Ng5 g6 14. Qe4 Kg7 15. Qd3 Bf5 16. Qf3 Bc7 17. Nge4 Qe7 18. Ng3 Be6 19. Re1 Qh4 20. Nge4 h6 21. Bd2 Rae8 22. Rad1 Qd8 23. Ne2 Re7 24. Nc5 Bc8 25. Ng3 Rfe8 26. Rxe7 Rxe7 27. a4 Nf6 28. Bc2 Nbd5 29. b4 b6 30. Nce4 Nxe4 31. Bxe4 Bb7 0-1

[Event "IECG WC.2004.P.00007 email"]
[Site "IECG email"]
[Date "2001.01.22"]
[Round "?"]
[White "Schipmann, Torsten"]
[Black "Cross, Andrew"]
[Result "1-0"]
[WhiteElo "2184"]
[BlackElo "1475"]
[PlyCount "51"]
[EventDate "2001.01.22"]
[EventType "tourn (corr)"]
[EventRounds "8"]
[SourceTitle "Corr 2008"]
[Source "ChessBase"]
[SourceDate "2008.06.24"]
[SourceVersion "1"]
[SourceVersionDate "2008.06.24"]
[SourceQuality "1"]

1. e4 e5 2. Nf3 Nc6 3. Bb5 a6 4. Ba4 Nf6 5. 0-0 Be7 6. Re1 b5 7. Bb3 0-0 8. c3 d5 9. exd5 Nxd5 10. Nxe5 Nxe5 11. Rxe5 c6 12. d4 Bd6 13. Re1 Qh4 14. g3 Qh3 15. Be3 Bg4 16. Qd3 Bf3 17. Qf1 Qxf1+ 18. Kxf1 Rae8 19. Nd2 Bg4 20. Kg2 Nxe3+ 21. Rxe3 Rxe3 22. fxe3 Re8 23. e4 Be7 24. a4 Bg5 25. Nf3 Be3 26. axb5 1-0

[Event "IECG WC.2004.P.00007 email"]
[Site "IECG email"]
[Date "2001.01.22"]
[Round "?"]
[White "Schipmann, Torsten"]
[Black "Vollbrecht, Joerg"]
[Result "1-0"]
[WhiteElo "2184"]
[BlackElo "1957"]
[PlyCount "49"]
[EventDate "2001.01.22"]
[EventType "tourn (corr)"]
[EventRounds "8"]
[SourceTitle "Corr 2008"]
[Source "ChessBase"]
[SourceDate "2008.06.24"]
[SourceVersion "1"]
[SourceVersionDate "2008.06.24"]
[SourceQuality "1"]

1. e4 e5 2. Nf3 Nc6 3. Bb5 f5 4. Nc3 fxe4 5. Nxe4 Nf6 6. Qe2 d5 7. Nxf6+ gxf6 8. d4 e4 9. Nh4 Be6 10. 0-0 Qd7 11. f3 0-0-0 12. fxe4 dxe4 13. c3 f5 14. Bg5 Re8 15. Rad1 a6 16. Bxa6 Be7 17. d5 Bxg5 18. dxe6 Qxe6 19. Bc4 Qe7 20. Nxf5 Qc5+ 21. Kh1 Ne5 22. Bd5 Rhf8 23. Qxe4 c6 24. Bb3 Rd8 25. Nd4 1-0

[Event "IECG CP.1999.Q.00003"]
[Site "IECG email"]
[Date "2000.10.01"]
[Round "?"]
[White "Epiney, Flo"]
[Black "Schipmann, Torsten"]
[Result "1/2-1/2"]
[WhiteElo "1764"]
[BlackElo "2167"]
[PlyCount "126"]
[EventDate "2000.10.01"]
[EventType "tourn (corr)"]
[EventRounds "8"]
[EventCountry "GER"]
[SourceTitle "Corr 2008"]
[Source "ChessBase"]
[SourceDate "2008.06.24"]
[SourceVersion "1"]
[SourceVersionDate "2008.06.24"]
[SourceQuality "1"]

1. d4 Nf6 2. c4 g6 3. Nc3 Bg7 4. e4 d6 5. Nf3 0-0 6. Be2 Nbd7 7. 0-0 e5 8. d5 Nc5 9. Qc2 a5 10. Bg5 h6 11. Be3 b6 12. Ne1 Ne8 13. Qd2 Kh7 14. Nd3 f5 15. exf5 Bxf5 16. f4 Nxd3 17. Bxd3 Qh4 18. Bxf5 Rxf5 19. Nb5 Rd8 20. Rae1 Rd7 21. Rf3 Rdf7 22. b3 h5 23. a3 Qe7 24. Na7 Qf8 25. Nc6 exf4 26. Bf2 Be5 27. b4 axb4 28. axb4 Nf6 29. Bh4 Kg8 30. Bxf6 R7xf6 31. Qd1 Qg7 32. Ra3 Rf8 33. Rf1 Re8 34. Qd2 g5 35. Kh1 Rff8 36. Qc2 g4 37. Qd1 h4 38. h3 Bb2 39. Rb3 Re3 40. Rxe3 fxe3 41. Re1 Qg5 42. Qxg4 Qxg4 43. hxg4 Re8 44. Re2 Bf6 45. Kh2 Re4 46. g3 Bg5 47. gxh4 Bxh4 48. Kg2 Bg5 49. c5 bxc5 50. bxc5 dxc5 51. Kf3 Re8 52. Na5 Rf8+ 53. Kg2 Rd8 54. Nc4 Rxd5 55. Nxe3 Rd4 56. Kf3 c4 57. Nc2 Rf4+ 58. Kg3 Rf7 59. Re6 Bf4+ 60. Kf2 Bd2+ 61. Ke2 c3 62. Rc6 Re7+ 63. Kd3 Rd7+ 1/2-1/2

[Event "IECG CP.2000.P.00113"]
[Site "IECG email"]
[Date "2000.10.01"]
[Round "?"]
[White "Schipmann, Torsten"]
[Black "Prieto, Carlos"]
[Result "0-1"]
[WhiteElo "2173"]
[BlackElo "1050"]
[PlyCount "120"]
[EventDate "2000.10.01"]
[EventType "tourn (corr)"]
[EventRounds "6"]
[EventCountry "TUN"]
[SourceTitle "Corr 2008"]
[Source "ChessBase"]
[SourceDate "2008.06.24"]
[SourceVersion "1"]
[SourceVersionDate "2008.06.24"]
[SourceQuality "1"]

1. e4 c5 2. Nc3 Nc6 3. Nf3 g6 4. d4 cxd4 5. Nxd4 Bg7 6. Be3 Nf6 7. Bc4 0-0 8. Bb3 d6 9. f3 Qa5 10. Qd2 Bd7 11. 0-0-0 Rfc8 12. h4 Ne5 13. Kb1 Nc4 14. Bxc4 Rxc4 15. Nb3 Qc7 16. Bd4 Be6 17. h5 Nxh5 18. Bxg7 Kxg7 19. g4 Nf6 20. Qh6+ Kh8 21. e5 dxe5 22. Nd2 Rxc3 23. Ne4 Qa5 24. Nxc3 Rc8 25. a3 Qc7 26. Rde1 Qc6 27. Qh2 Kg8 28. Re3 h5 29. gxh5 Nxh5 30. Qxe5 Qc5 31. Rd1 Qxe5 32. Rxe5 Kf8 33. Nb5 a6 34. Nd4 Bd7 35. c3 f6 36. Rd5 Ke8 37. Ne2 Bc6 38. R5d3 Kf7 39. b3 g5 40. Kb2 e5 41. c4 Nf4 42. Nxf4 gxf4 43. Rf1 Ke6 44. Rf2 Rg8 45. b4 Rg3 46. Rc3 Kf5 47. Rb3 e4 48. fxe4+ Kxe4 49. Rc3 f3 50. Kb3 Kf4 51. Rf1 Rg2 52. Rd3 Be4 53. Rd6 f5 54. c5 Re2 55. Rc1 f2 56. Rdd1 Re3+ 57. Kb2 Kg3 58. a4 Bf3 59. Rf1 Bg2 60. Rfd1 Rf3 0-1

[Event "IECG CP.2000.P.00113"]
[Site "IECG email"]
[Date "2000.10.01"]
[Round "?"]
[White "Wiltenburg, Fred"]
[Black "Schipmann, Torsten"]
[Result "0-1"]
[WhiteElo "1541"]
[BlackElo "2173"]
[PlyCount "86"]
[EventDate "2000.10.01"]
[EventType "tourn (corr)"]
[EventRounds "6"]
[EventCountry "TUN"]
[SourceTitle "Corr 2008"]
[Source "ChessBase"]
[SourceDate "2008.06.24"]
[SourceVersion "1"]
[SourceVersionDate "2008.06.24"]
[SourceQuality "1"]

1. e4 c5 2. f4 d5 3. exd5 Qxd5 4. Nc3 Qd8 5. Nf3 Nf6 6. Ne5 a6 7. Qf3 e6 8. b3 Nfd7 9. Bb2 Nxe5 10. fxe5 Nc6 11. Ne4 Nd4 12. Qd3 Be7 13. c3 Nc6 14. Qxd8+ Kxd8 15. c4 Nb4 16. Kd1 Rf8 17. a3 Nc6 18. Be2 f5 19. Nf2 Kc7 20. Bf3 Rd8 21. Bxc6 Kxc6 22. Ke2 Bd7 23. g4 fxg4 24. Nxg4 Be8 25. Rhf1 Bg6 26. Rf3 Rd7 27. Rg1 Rad8 28. Bc3 Bg5 29. Ne3 h6 30. Ke1 Rd3 31. Rxg5 hxg5 32. Rg3 R3d7 33. Rxg5 Bd3 34. Rg2 Rh8 35. Rf2 Rh4 36. Kd1 b5 37. cxb5+ axb5 38. Nc2 Bg6 39. Ne3 Rf7 40. Rxf7 Bxf7 41. Nf1 Bg6 42. Ke2 b4 43. axb4 cxb4 0-1

[Event "IECC Swiss email"]
[Site "IECC email"]
[Date "2000.02.07"]
[Round "?"]
[White "Stringer, Viv"]
[Black "Schipmann, Torsten"]
[Result "1/2-1/2"]
[WhiteElo "2077"]
[BlackElo "2180"]
[PlyCount "115"]
[EventDate "2000.??.??"]
[EventType "tourn (corr)"]
[EventRounds "6"]
[SourceTitle "Corr 2008"]
[Source "ChessBase"]
[SourceDate "2008.06.24"]
[SourceVersion "1"]
[SourceVersionDate "2008.06.24"]
[SourceQuality "1"]

1. e4 c5 2. Nf3 Nc6 3. Bb5 d6 4. d4 cxd4 5. Qxd4 Bd7 6. Qd3 Nf6 7. Nc3 g6 8. Bg5 Bg7 9. 0-0-0 Ng4 10. Rhf1 h6 11. Bd2 0-0 12. Bxc6 Bxc6 13. h3 Nf6 14. Be3 Qc7 15. Nd4 d5 16. Qd2 Nxe4 17. Nxe4 dxe4 18. Bxh6 Rfd8 19. Bxg7 Kxg7 20. Qc3 Qf4+ 21. Kb1 Qf6 22. g4 Kh7 23. Qe3 Bd5 24. h4 e5 25. Ne2 Bc6 26. Rde1 Qf3 27. h5 f6 28. Qc5 Rd7 29. hxg6+ Kxg6 30. Nc3 a6 31. Rg1 Re8 32. g5 fxg5 33. Rg3 Qf4 34. Reg1 Kf5 35. a3 Rg8 36. Rh3 Kg6 37. Rgh1 Rgd8 38. Rh6+ Kf5 39. Qc4 Bd5 40. Nxd5 Rxd5 41. Rh7 Rd1+ 42. Ka2 Rxh1 43. Rf7+ Kg4 44. Qe2+ Kh3 45. Rxf4 gxf4 46. Qxe4 Rdd1 47. Qxe5 Kg4 48. Qg7+ Kf3 49. Qxb7+ Kxf2 50. Qxa6 f3 51. Qb6+ Kg2 52. Qc6 Kg3 53. Qg6+ Kf2 54. Qg5 Rhe1 55. c4 Kf1 56. c5 f2 57. c6 Rc1 58. Qd5 1/2-1/2

[Event "IECG WC.2002.S.00007 email"]
[Site "IECG email"]
[Date "2000.??.??"]
[Round "?"]
[White "Nunes, Jose Manoel CP"]
[Black "Schipmann, Torsten"]
[Result "1/2-1/2"]
[WhiteElo "1584"]
[BlackElo "2173"]
[PlyCount "61"]
[EventDate "2000.03.10"]
[EventType "tourn (corr)"]
[EventRounds "8"]
[SourceTitle "Corr 2008"]
[Source "ChessBase"]
[SourceDate "2008.06.24"]
[SourceVersion "1"]
[SourceVersionDate "2008.06.24"]
[SourceQuality "1"]

1. d4 Nf6 2. c4 g6 3. Nc3 Bg7 4. e4 d6 5. Be2 0-0 6. Bg5 c5 7. d5 a6 8. a4 Qa5 9. Bd2 e6 10. Nf3 Qc7 11. 0-0 exd5 12. exd5 Re8 13. Re1 Bg4 14. Qc2 Nbd7 15. h3 Bxf3 16. Bxf3 Ne5 17. Be2 Re7 18. f4 Ned7 19. Bd3 Rae8 20. Rxe7 Rxe7 21. Re1 Rxe1+ 22. Bxe1 Nh5 23. Ne2 f5 24. Qd2 Nf8 25. b3 Qe7 26. Bf2 Nf6 27. a5 N8d7 28. Bh4 Qe8 29. Ng3 Kf7 30. Bc2 Ng8 31. Ne2 1/2-1/2

[Event "IECG WC.2002.S.00007 email"]
[Site "IECG email"]
[Date "2000.??.??"]
[Round "?"]
[White "Schipmann, Torsten"]
[Black "May, Hans Werner"]
[Result "0-1"]
[WhiteElo "2173"]
[BlackElo "2328"]
[PlyCount "88"]
[EventDate "2000.03.10"]
[EventType "tourn (corr)"]
[EventRounds "8"]
[SourceTitle "Corr 2008"]
[Source "ChessBase"]
[SourceDate "2008.06.24"]
[SourceVersion "1"]
[SourceVersionDate "2008.06.24"]
[SourceQuality "1"]

1. d4 Nf6 2. c4 e6 3. Nc3 Bb4 4. Qc2 0-0 5. a3 Bxc3+ 6. Qxc3 b6 7. Bg5 Bb7 8. f3 d6 9. e3 Nbd7 10. Nh3 Rc8 11. Bd3 h6 12. Bh4 c5 13. 0-0 cxd4 14. exd4 b5 15. b3 Ba6 16. Rfc1 bxc4 17. bxc4 Bxc4 18. Bxc4 d5 19. Bxf6 Qxf6 20. Qd3 dxc4 21. Rxc4 Rxc4 22. Qxc4 Nb6 23. Qc5 Rd8 24. Qe5 Rxd4 25. Qxf6 gxf6 26. Nf2 f5 27. Nd1 Nd5 28. Kf1 Rd2 29. Nf2 Ne3+ 30. Kg1 Kg7 31. a4 a5 32. g3 Nc4 33. f4 Nb6 34. Nd1 Nd5 35. Nf2 Nb6 36. Nd1 h5 37. Nc3 h4 38. Rb1 Nc4 39. Ra1 h3 40. Re1 Rg2+ 41. Kh1 Nd2 42. Rg1 Ne4 43. Nxe4 Rxg1+ 44. Kxg1 fxe4 0-1